| 000 | 00483nmm a2200169Ia 4500 | ||
|---|---|---|---|
| 008 | 251105s9999||||xx |||||||||||||||||und|| | ||
| 020 | _a9788498167924 | ||
| 041 | _aspa | ||
| 100 | _aBarros Arana, Diego | ||
| 245 | 0 | _aHistoria general de Chile II | |
| 264 |
_a[Madrid, España] : _bLinkgua, _c2011 |
||
| 300 | _a564 páginas | ||
| 490 | _aHistoria | ||
| 650 | _aHistory of the Americas: Latin America | ||
| 856 | _uhttps://public.digitaliapublishing.com/a/16461 | ||
| 942 | _cCF | ||
| 999 |
_c91450 _d91450 |
||